Llei de modificació de la Llei 6/1993, del 15 de juliol, reguladora dels residus / presentació i edició a cura del lletrat Xavier Muro i Blas
Descripción Física:
32 p. ; 21 cm
Colección:
Textos legislatius ; 29
Otros Autores:
Muro i Bas, Xavier, ed
Materias:
Residus -- Catalunya
MARC
| LEADER | 00000nam a2200000Ia 4500 | ||
|---|---|---|---|
| 001 | 15819 | ||
| 008 | 160829s2003 xx 000 0 cat d | ||
| 080 | |a FU-39-46 | ||
| 100 | |a Catalunya. Llei reguladora dels residus, modificació de la Llei 6/1993, del 15 de juliol (2002) |9 37390 | ||
| 245 | |a Llei de modificació de la Llei 6/1993, del 15 de juliol, reguladora dels residus / presentació i edició a cura del lletrat Xavier Muro i Blas | ||
| 260 | |a Barcelona : |b Parlament de Catalunya, |c 2003 | ||
| 300 | |a 32 p. ; |c 21 cm | ||
| 490 | |a Textos legislatius ; 29 | ||
| 590 | |a Índex. | ||
| 650 | |a Residus |x Catalunya |9 49605 | ||
| 700 | |a Muro i Bas, Xavier, ed. |9 26913 | ||
| 901 | |a Arxiu | ||
| 942 | |n 1 | ||
| 952 | |0 0 |1 0 |4 0 |6 FU3946 |7 1 |9 47838 |a Arxiu |b Arxiu |d 2016-12-01 |l 0 |o FU-39-46 |p 15819 |r 2016-12-01 00:00:00 |w 2016-12-01 |y ARXIU | ||
| 999 | |c 51637 |d 51637 | ||